LIBRARY & INFORMATION CENTRE, KCAET, TAVANUR

ONLINE PUBLIC ACCESS CATALOGUE (OPAC)

Radiant health / (Record no. 4596)

MARC details
000 -LEADER
fixed length control field 00494cam a2200193ua 4500
041 ## - LANGUAGE CODE
Language code of text/sound track or separate title eng
082 ## - DEWEY DECIMAL CLASSIFICATION NUMBER
Classification number 613
Item number NIX/RA
100 ## - MAIN ENTRY--AUTHOR NAME
Personal name Nix, Howard E .
245 ## - TITLE STATEMENT
Title Radiant health /
260 ## - PUBLICATION, DISTRIBUTION, ETC. (IMPRINT)
Place of publication Herts :
Name of publisher The Stanborough Press Ltd ,
Year of publication 1977.
300 ## - PHYSICAL DESCRIPTION
Number of Pages 154 ; .
700 1# - ADDED ENTRY--PERSONAL NAME
Personal name Bradley, T.J .
700 1# - ADDED ENTRY--PERSONAL NAME
Personal name Huse, Arthur B .
700 1# - ADDED ENTRY--PERSONAL NAME
Personal name Hyde, Ashford J .
700 1# - ADDED ENTRY--PERSONAL NAME
Personal name Whitehead, Stanley B .
942 ## - ADDED ENTRY ELEMENTS (KOHA)
Koha item type Books
Holdings
Withdrawn status Lost status Damaged status Home library Current library Date acquired Full call number Accession Number Koha item type
      KAUAET KAUAET 07/04/2012 613 12113 Books
free website counter